Statistics for Yeezus Tracklist (Kanye West)

Click here to take the quiz!

General Stats

  • This quiz has been taken 191 times
  • The average score is 8 of 10

Answer Stats

HintAnswer% Correct
10Bound 2
98%
2Black Skinhead
94%
4New Slaves
91%
1On Sight
91%
7Blood On The Leaves
89%
3I Am A God
88%
5Hold My Liquor
81%
9Send It Up
73%
6I'm In It
71%
8Guilt Trip
69%

Score Distribution

Percentile by Number Answered

Percent of People with Each Score

Your Score History

You have not taken this quiz